000
00327nam a2200133Ia 4500
008
190723s9999 xx 000 0 und d
020
_a
978-101-91967-5
100
_a
Penguin Radom House
245
0
_a
Cracking the GMAT 2017
250
_a
2017
260
_a
USA
_b
Penguin Radom House
_c
2017
300
_a
690.:P
942
_c
BK
999
_c
1426
_d
1426